Every MLS Team Ever - Statistics

General Stats
  • This quiz has been taken 7 times
  • The average score is 17 of 36
Answer Stats
Answer % Correct
Minnesota United
83%
Chicago Fire
67%
DC United
67%
Inter Miami
67%
Los Angeles FC
67%
Los Angeles Galaxy
67%
Philadelphia Union
67%
Portland Timbers
67%
San Jose Earthquakes
67%
Seattle Sounders
67%
Sporting Kansas City
67%
Atlanta United
50%
Austin FC
50%
CF Montreal
50%
Charlotte FC
50%
Colorado Rapids
50%
Columbus Crew
50%
Nashville SC
50%
New England Revolution
50%
New York City FC
50%
Orlando City
50%
Real Salt Lake
50%
Saint Louis City SC
50%
San Diego FC
50%
Toronto FC
50%
Vancouver Whitecaps FC
50%
Cincinnati FC
33%
New York City Red Bull
33%
Chivas USA
17%
Dallas Burn
17%
Houston Dymano
17%
Kansas City Wiz
17%
Miami Fusion
17%
New York MetroStars
17%
San Jose Clash
17%
Tampa Bay Mutiny
17%
No matching quizzes found
Score Distribution
Percent of People with Each Score
Percentile by Number Answered
Your Score History
You have not taken this quiz